| 000 | 00627nam a2200193 4500 | ||
|---|---|---|---|
| 005 | 20241024153532.0 | ||
| 010 | _aENG-142426 | ||
| 020 |
_c599.00 _a9789392568664 |
||
| 035 | _aEN-125958 | ||
| 037 | _bDBAD | ||
| 082 | _a540 | ||
| 100 |
_aGawali, Rakhi Gajanan _973408 |
||
| 245 |
_aA Practical Handook In Chemistry For Technical Students/ _bRakhi Gajanan Gawali |
||
| 250 | _aFirst | ||
| 260 |
_bAditi Publication _aChattisgarh _c2024 |
||
| 270 |
_aOpp. New Panchajanya vidya Mandir, Near Tiranga Chowk,Kushalpur _bRaipur _k919425210308 |
||
| 300 |
_a86p. _c20cm(pb) |
||
| 942 |
_2ddc _cEN _h540 _mGAW _e2024 |
||
| 999 |
_c206723 _d206723 |
||